岩手県の市町村 (2000年) - Statistics

General Stats
  • This quiz has been taken 63 times
    48 since last reset
  • The average score is 45 of 59
Answers on the Map
Answers color-coded by a green-red scale on the quiz's map according to % correct below.
 
Answer Stats
ヒント 市町村名 % Correct
盛岡市もりおかし
100%
宮古市みやこし
100%
水沢市みずさわし
100%
北上市きたかみし
100%
一関市いちのせきし
100%
江刺市えさしし
100%
下閉伊郡 岩泉町いわいずみちょう
100%
花巻市はなまきし
97%
遠野市とおのし
97%
陸前高田市りくぜんたかたし
97%
釜石市かまいしし
97%
二戸市にのへし
97%
岩手郡 雫石町しずくいしちょう
97%
紫波郡 紫波町しわちょう
97%
久慈市くじし
94%
岩手郡 滝沢村たきざわむら
94%
西磐井郡 平泉町ひらいずみちょう
94%
下閉伊郡 山田町やまだまち
94%
大船渡市おおふなとし
91%
岩手郡 岩手町いわてまち
91%
胆沢郡 金ケ崎町かねがさきちょう
91%
上閉伊郡 大槌町おおつちちょう
91%
九戸郡 野田村のだむら
91%
九戸郡 九戸村くのへむら
91%
二戸郡 一戸町いちのへまち
91%
下閉伊郡 田野畑村たのはたむら
88%
気仙郡 住田町すみたちょう
85%
下閉伊郡 普代村ふだいむら
85%
紫波郡 矢巾町やはばちょう
82%
岩手郡 葛巻町くずまきまち
79%
気仙郡 三陸町さんりくちょう
79%
胆沢郡 胆沢町いさわちょう
76%
下閉伊郡 田老町たろうちょう
76%
九戸郡 軽米町かるまいまち
76%
九戸郡 種市町たねいちまち
76%
岩手郡 松尾村まつおむら
74%
和賀郡 湯田町ゆだまち
74%
西磐井郡 花泉町はないずみまち
74%
稗貫郡 石鳥谷町いしどりやちょう
68%
二戸郡 浄法寺町じょうぼうじまち
68%
和賀郡 東和町とうわちょう
65%
九戸郡 大野村おおのむら
65%
下閉伊郡 川井村かわいむら
62%
岩手郡 玉山村たまやまむら
59%
胆沢郡 衣川村ころもがわむら
59%
胆沢郡 前沢町まえさわちょう
56%
上閉伊郡 宮守村みやもりむら
56%
岩手郡 西根町にしねちょう
53%
東磐井郡 千厩町せんまやちょう
53%
東磐井郡 大東町だいとうちょう
50%
東磐井郡 室根村むろねむら
50%
二戸郡 安代町あしろちょう
50%
和賀郡 沢内村さわうちむら
47%
九戸郡 山形村やまがたむら
47%
下閉伊郡 新里村にいさとむら
44%
稗貫郡 大迫町おおはさままち
38%
東磐井郡 藤沢町ふじさわちょう
38%
東磐井郡 川崎村かわさきむら
38%
東磐井郡 東山町ひがしやまちょう
32%
No matching quizzes found
Score Distribution
Percent of People with Each Score
Percentile by Number Answered
Your Score History
You have not taken this quiz since the last reset